000 00891nam a2200253Ia 4500
008 191130s2000##################000#0#eng##
020 _a9781855676428
022 _a99044978
040 _aACL
_cACL
082 _a332.1095 REM
245 _aMicrofinance and poverty alleviation : case studies from Asia and the Pacific
_cedited by Joe Remenyi and Benjamin QuiƱones, Jr
260 _aLondon ; New York
_bRoutledge
_cc2000
300 _axxvi, 293 p. : ; 24 cm
500 _aIncludes bibliographical references (p. [270]-293) and index
650 _aMicrofinance - Asia - Case studies
650 _aMicrofinance - Pacific Area - Case studies
650 _aPoverty - Asia - Case studies
650 _aPoverty - Pacific Area - Case studies
700 _aQuiƱones, B
700 _aRemenyi, Joe
990 _aca448353ac10000c0e992b06677526d6
991 _a38015
999 _c10196
_d10196